An insight into management accounting

Đã lưu trong:
Sonraí Bibleagrafaíochta
Príomhúdar: Sizer, John
Formáid: Leabhar
Teanga:Undetermined
Foilsithe: England Penguin Book 1969
Ábhair:
Clibeanna: Cuir Clib Leis
Gan Chlibeanna, Bí ar an gcéad duine leis an taifead seo a chlibeáil!
Thư viện lưu trữ: Trung tâm Học liệu Trường Đại học Cần Thơ
LEADER 00506nam a2200181Ia 4500
001 CTU_83496
008 210402s9999 xx 000 0 und d
082 |a 658.1 
082 |b S625 
100 |a Sizer, John 
245 3 |a An insight into management accounting 
245 0 |c John Sizer 
260 |a England 
260 |b Penguin Book 
260 |c 1969 
650 |a Cost accounting,Management,Managerial accounting 
904 |i QHieu(sửa) 
980 |a Trung tâm Học liệu Trường Đại học Cần Thơ